00401nam a2200145Ia 4500008004100000082001700041100002000058245006400078250000800142260003100150300001300181500002400194650001500218700002200233230524s9999 xx 000 0 und d a650.014bCHO aNimit Chowdhary 0aMarketing of Services (Textbook of ): The Indian Experience aIST aNEW DELHIbMacmillanc2009 aXIII;437 aQuantity Number: 2 aManagement a Monika Chowdhary